|
|
|
|
| LEADER |
03204nam a22004093i 4500 |
| 001 |
EBC30657014 |
| 003 |
MiAaPQ |
| 005 |
20231204023231.0 |
| 006 |
m o d | |
| 007 |
cr cnu|||||||| |
| 008 |
231204s2023 xx o ||||0 eng d |
| 020 |
|
|
|a 9783031326189
|q (electronic bk.)
|
| 020 |
|
|
|z 9783031326172
|
| 035 |
|
|
|a (MiAaPQ)EBC30657014
|
| 035 |
|
|
|a (Au-PeEL)EBL30657014
|
| 035 |
|
|
|a (OCoLC)1396696926
|
| 040 |
|
|
|a MiAaPQ
|b eng
|e rda
|e pn
|c MiAaPQ
|d MiAaPQ
|
| 050 |
|
4 |
|a HM1001-1281
|
| 082 |
0 |
|
|a 616.89061
|
| 100 |
1 |
|
|a Schleim, Stephan.
|
| 245 |
1 |
0 |
|a Mental Health and Enhancement :
|b Substance Use and Its Social Implications.
|
| 250 |
|
|
|a 1st ed.
|
| 264 |
|
1 |
|a Cham :
|b Springer International Publishing AG,
|c 2023.
|
| 264 |
|
4 |
|c ©2023.
|
| 300 |
|
|
|a 1 online resource (160 pages)
|
| 336 |
|
|
|a text
|b txt
|2 rdacontent
|
| 337 |
|
|
|a computer
|b c
|2 rdamedia
|
| 338 |
|
|
|a online resource
|b cr
|2 rdacarrier
|
| 490 |
1 |
|
|a Palgrave Studies in Law, Neuroscience, and Human Behavior Series
|
| 505 |
0 |
|
|a Intro -- Disclaimer -- Foreword -- Instrumental Drug Use -- Embedded in Culture -- Challenges -- Mental Health and Enhancement -- Preface -- Contents -- List of Figures -- List of Boxes -- Chapter 1: Introduction -- References -- Chapter 2: Mental Health -- 2.1 Three Classic Views to Make Sense of Things -- Essentialism -- Social Constructionism -- Excursion: What Is Money? -- Social Constructionism: Historical Examples -- Pragmatism -- 2.2 What Is Addiction? -- How Likely Is Dependence? -- The DSM on Addiction -- Two Pragmatic Views -- 2.3 Recent Diagnostic Trends -- Is the Prevalence of Mental Disorders Increasing? -- New Disorders -- 2.4 Interim Conclusion: Mental Disorders Are Not Things -- References -- Chapter 3: Mental Enhancement -- 3.1 The Debate -- Moral Enhancement -- Cognitive or Neuroenhancement -- Central Arguments -- Is it Really About Cognition? -- 3.2 How Common is It Really? -- Comparison to the Past -- Neuroenhancement in the Media -- Medical or Nonmedical Use -- 3.3 Nonpharmacological Alternatives -- 3.4 Interim Conclusion: Hype or Reality? -- References -- Chapter 4: Substance Use -- 4.1 Kinds of Substances -- Three Kinds of Drugs -- Classification Systems -- 4.2 Historical Examples -- Cocaine and Opium -- A Current Example -- 4.3 Instrumental Use -- Instrumentalization Goals -- Theoretical Reflection -- 4.4 Values -- References -- Chapter 5: Conclusion and Outlook -- 5.1 Overall Conclusion -- 5.2 Outlook -- 5.3 Personal Conclusion -- References -- Index.
|
| 588 |
|
|
|a Description based on publisher supplied metadata and other sources.
|
| 590 |
|
|
|a Electronic reproduction. Ann Arbor, Michigan : ProQuest Ebook Central, 2023. Available via World Wide Web. Access may be limited to ProQuest Ebook Central affiliated libraries.
|
| 655 |
|
4 |
|a Electronic books.
|
| 776 |
0 |
8 |
|i Print version:
|a Schleim, Stephan
|t Mental Health and Enhancement
|d Cham : Springer International Publishing AG,c2023
|z 9783031326172
|
| 797 |
2 |
|
|a ProQuest (Firm)
|
| 830 |
|
0 |
|a Palgrave Studies in Law, Neuroscience, and Human Behavior Series
|
| 856 |
4 |
0 |
|u https://ebookcentral.proquest.com/lib/matrademy/detail.action?docID=30657014
|z Click to View
|